000 00775cam a2200217 a 4500
005 20151221073542.0
008 010907s2000 ck a r 00010 spa d
040 _ala
_cla
_dCO-BoIAVH
041 0 _aspa
044 _ack
090 _aFG-
_b0017
110 2 _aCorporación Autónoma Regional del Centro de Antioquia.
245 1 0 _aSelección y manejo de árboles semilleros en la jurisdicción de Corantioquia /
_cCorantioquia.
260 _aMedellín :
_bCorantioquia,
_c2000.
300 _a31 páginas :
_bilustraciones a color ;
_c17 x 12 cm.
504 _aIncluye bibliografía.
650 6 _aArboles
_z Antioquia (Colombia)
650 6 _aArboricultura
_z Antioquia (Colombia)
650 6 _aSemillas de árboles.
942 _2z
_cFolleto
999 _c2081
_d2081